LEADER 02749nam 2200673 450 001 9910780484503321 005 20221206220805.0 010 $a1-58053-603-4 035 $a(CKB)111087028224080 035 $a(EBL)227615 035 $a(OCoLC)53004461 035 $a(SSID)ssj0000139026 035 $a(PQKBManifestationID)11158228 035 $a(PQKBTitleCode)TC0000139026 035 $a(PQKBWorkID)10105079 035 $a(PQKB)10277374 035 $a(Au-PeEL)EBL227615 035 $a(CaPaEBR)ebr10081965 035 $a(CaBNVSL)mat09100628 035 $a(IEEE)9100628 035 $a(MiAaPQ)EBC227615 035 $a(EXLCZ)99111087028224080 100 $a20200729d2003 uy 101 0 $aeng 135 $aur|n|---||||| 181 $ctxt 182 $cc 183 $acr 200 10$aDigital content annotation and transcoding /$fKatashi Nagao 210 1$aBoston, Massachusetts :$cArtech House,$d2003. 210 2$a[Piscataqay, New Jersey] :$cIEEE Xplore,$d[2003] 215 $a1 online resource (255 p.) 225 1 $aDigital audio and video series 300 $aDescription based upon print version of record. 311 $a1-58053-337-X 320 $aIncludes bibliographical references and index. 327 $aIntroduction: survival in information deluge -- Transcoding: a technique to transform digital content -- Annotation: a technique to extend digital content -- Semantic annotation and transcoding: towards semantically sharable digital content -- Future directions of digital content technology. 330 8 $aAnnotation Digital content has revolutionized the way broadcasters and Web sites deliver images, sound, video, and multimedia. This book provides the technical details of transcoding and annotation that engineers need to know to create accessible and reusable digital content capable of being tailored and personalized for a particular audience. 410 0$aArtech House digital audio and video library. 606 $aFile processing (Computer science) 606 $aData structures (Computer science) 606 $aInformation storage and retrieval systems 606 $aDigital media 606 $aFile conversion (Computer science) 615 0$aFile processing (Computer science) 615 0$aData structures (Computer science) 615 0$aInformation storage and retrieval systems. 615 0$aDigital media. 615 0$aFile conversion (Computer science) 676 $a005.74/1 676 $a006.7 700 $aNagao$b Katashi$0958014 801 0$bCaBNVSL 801 1$bCaBNVSL 801 2$bCaBNVSL 906 $aBOOK 912 $a9910780484503321 996 $aDigital content annotation and transcoding$93841545 997 $aUNINA LEADER 01703nam 2200541 450 001 9910813801503321 005 20200520144314.0 010 $a1-118-39703-7 035 $a(CKB)24989501000041 035 $a(Au-PeEL)EBL1895439 035 $a(CaPaEBR)ebr11017933 035 $a(CaONFJC)MIL726243 035 $a(OCoLC)904743609 035 $a(JP-MeL)3000111192 035 $a(Au-PeEL)EBL7103606 035 $a(OCoLC)1347024284 035 $a(MiAaPQ)EBC1895439 035 $a(EXLCZ)9924989501000041 100 $a20150310h20152015 uy 0 101 0 $aeng 135 $aur||||||||||| 181 $2rdacontent 182 $2rdamedia 183 $2rdacarrier 200 10$aWildland recreation $eecology and management /$fWilliam E. Hammitt, David N. Cole 205 $aThird edition. 210 1$aChichester, West Sussex :$cJohn Wiley & Sons,$d2015. 210 4$d2015 215 $a1 online resource (326 pages) 300 $aPrevious ed.: 1998 300 $aIncludes bibliographical references and index 320 $aIncludes bibliographical references and index. 606 $aWilderness areas$xEnvironmental aspects$zUnited States 606 $aWilderness areas$xRecreational use$zUnited States$xManagement 615 0$aWilderness areas$xEnvironmental aspects 615 0$aWilderness areas$xRecreational use$xManagement. 676 $a333.780973 686 $a333.78/0973$2njb/09 686 $a519.8$2njb/09 686 $a786$2njb/09 700 $aHammitt$b William E.$01722785 801 0$bMiAaPQ 801 1$bMiAaPQ 801 2$bMiAaPQ 906 $aBOOK 912 $a9910813801503321 996 $aWildland recreation$94123462 997 $aUNINA LEADER 02044nam0 22003373i 450 001 TO00324173 005 20251003044404.0 020 $aIT$b838413 100 $a19941011d1982 ||||0itac50 ba 101 | $aita 102 $ait 181 1$6z01$ai $bxxxe 182 1$6z01$an 183 1$6z01$anc$2RDAcarrier 200 1 $aCee, Mezzogiorno, Mediterraneo$enuove prospettive di cooperazione economica$eatti del Convegno internazionale di studio organizzato dalla Facolta di Economia e Commercio dell'Università di Catania, in collaborazione con l'Ufficio per l'Italia della Commissione CEE, la Fondazione Politecnica del Mediterraneo di Catania e la FOCSIV di Milano (Catania, 4-5 dicembre 1981)$fa cura di Giulio Querini 210 $aNapoli$cEdizioni scientifiche italiane$d[1982] 215 $a324 p.$d21 cm. 676 $a330$9ECONOMIA$v23 676 $a337.142$9$v21 676 $a338.945$9SVILUPPO ECONOMICO E POLITICHE DI SVILUPPO. Italia$v20 702 1$aQuerini$b, Giulio$3CFIV026248 801 3$aIT$bIT-000000$c19941011 850 $aIT-BN0095 $aIT-NA0079 $aIT-NA0452 901 $bNAP BN$cSEZ.NAP. $n$ 901 $bNAP 01$cPOZZO LIB.$nVi sono collocati fondi di economia, periodici di ingegneria e scienze, periodici di economia e statistica e altri fondi comprendenti documenti di economia pervenuti in dono. 901 $bNAP IS$cIREM $nSezione di economia dell'ex Istituto di ricerca sull'economia del Mediterraneo 912 $aTO00324173 950 0$aBiblioteca Centralizzata di Ateneo$b2 v.$c1 v. in 2 copie$d 01POZZO LIB.ECON MON 7304$e 0101 0000109315E VMA 1 v. (Precedente collocazione Guerrazzi A 0416)$fB $h20091214$i20091214$b2 v.$c1 v. in 2 copie$d 01POZZO LIB.ECON MON 7304$e 0101 0700245685E VMA (bis 1 v. (2 copia. - Precedente collocazione 24 EC 568)$fB $h20220802$i20220802 977 $a 01$a BN$a IS 996 $aCee, Mezzogiorno, Mediterraneo$967345 997 $aUNISANNIO